000 01295cam a2200373 a 4500
999 _c2744
_d2744
001 .b21296042
003 OSt
005 20230818112900.0
008 130829s2009 enka 000 1 eng d
020 _a9780194791984
020 _a019479198X
040 _aRDI
_cRDI
_dCNCGM
_dFCU
_dKH8
041 0 _aeng
042 _anbic
044 _axxk
_benk
082 0 _a428 LIN
_bO98.2-5
100 1 _aLindop, Christine,
_eauthor.
245 1 4 _aThe price of peace :
_bstories from Africa /
_cretold by Christine Lindop ; illustrated by Meshack Asare, Joseph Ntensibe.
260 _aOxford, [England] :
_bOxford University Press,
_cc2009.
300 _a87 p. :
_bill. ;
_c20 cm.
440 0 _aOxford Bookworms Library.
_nStage 4.
_pWorld Stories.
514 _a1400 words.
650 0 _aReaders (Adult)
650 0 _aEnglish language
_vTextbooks for foreign speakers.
650 0 _aReading comprehension
_vProblems, exercises, etc.
650 0 _aAustralian fiction
_y20th century.
650 0 _aShort stories, Australian.
650 0 _aReaders (Adult)
650 0 _aEnglish language
_vTextbooks for foreign speakers.
650 0 _aReading comprehension
_vProblems, exercises, etc.
650 0 _aAustralian fiction
_y20th century.
650 0 _aShort stories, Australian.
942 _2ddc
_cTR